Juniper from Ethiopia contains a large-scale precipitation signal /
Đã lưu trong:
| Údair Eile: | , , , |
|---|---|
| Formáid: | Bài viết |
| Teanga: | English |
| Ábhair: | |
| Clibeanna: |
Cuir Clib Leis
Gan Chlibeanna, Bí ar an gcéad duine leis an taifead seo a chlibeáil!
|
| Thư viện lưu trữ: | Thư viện Trường Đại học Đà Lạt |
|---|
| LEADER | 00947nam a2200313 4500 | ||
|---|---|---|---|
| 001 | DLU090067233 | ||
| 005 | ##20090407 | ||
| 040 | # | # | |a DLU |b eng |
| 041 | # | # | |a eng |
| 044 | # | # | |a us |
| 245 | # | # | |a Juniper from Ethiopia contains a large-scale precipitation signal / |c Ute Sass-Klaassen ... [et al.]. |
| 653 | # | # | |a Dendroclimatology |
| 653 | # | # | |a Dry highland forest |
| 653 | # | # | |a Ethiopia |
| 653 | # | # | |a Juniperus procera |
| 700 | # | # | |a Couralet, Camille. |
| 700 | # | # | |a Sahle, Yishak. |
| 700 | # | # | |a Sass-Klaassen, Ute. |
| 700 | # | # | |a Sterck, Frank J. |
| 773 | # | # | |t International Journal of Plant Sciences |g Vol. 169, no. 8 (October 2008), p. 1057-1065 |
| 920 | # | # | |a Phòng Tạp chí -- Trung tâm Thông tin - Thư viện Trường Đại học Đà Lạt |
| 994 | # | # | |a DLU |
| 900 | # | # | |a True |
| 911 | # | # | |a Trương Bảo Trâm Anh |
| 925 | # | # | |a G |
| 926 | # | # | |a A |
| 927 | # | # | |a BB |
| 980 | # | # | |a Thư viện Trường Đại học Đà Lạt |